000 00800nam a22002897a 4500
001 BR7324006
003 BR-BrBNA
005 20230928084337.0
007 ta
008 230509b bl.||||| |||| 00| 0 por d
040 _aBR-BrBNA
_bpor
_cBiblioteca Nacional de Agricultura
041 _a(Por)
072 _aQ10
_b9915
_b2140
_b/G514
090 _ 9915 BR7324006
100 1 _aCorreia, D.
110 1 _aEscola Superior de Agricultura e Veterinaria do Parana, Curitiba (Brasil)
_0Tese (Catedra)
_94373
245 1 _aMate soluvel [Brasil]
260 3 _aCuritiba, PR (Brasil):
_c1958.
300 _a65 p.
500 _a38 ref.
650 _aTecnologia de alimento
650 _aCha
650 _aMate
650 _aPlanta estimulante
909 _a202309
_bLucia
_c55
_dLucia Elande
942 _cBK
999 _c18304
_d18304